Normal view
MARC view
- UG BESE
Entry Topical Term
Number of records used in: 120
001 - CONTROL NUMBER
- control field: 114271
003 - CONTROL NUMBER IDENTIFIER
- control field: NUST
005 - DATE AND TIME OF LATEST TRANSACTION
- control field: 20230828092650.0
008 - FIXED-LENGTH DATA ELEMENTS
- fixed length control field: 230828|| aca||aabn | a|a d
040 ## - CATALOGING SOURCE
- Original cataloging agency: NUST
- Transcribing agency: NUST
150 ## - HEADING--TOPICAL TERM
- Topical term or geographic name entry element: UG BESE
670 ## - SOURCE DATA FOUND
- Source citation: Work cat.: (NUST)595639: Bakar, Muhammad Abu 114269, Stock Counter /
